Mass media.02/03

Tallennettuna:
Bibliografiset tiedot
Aineistotyyppi: Kirja
Kieli:Undetermined
Julkaistu: Guilford, Conn. Dushkin Pub. Group. 2002
Aiheet:
Tagit: Lisää tagi
Ei tageja, Lisää ensimmäinen tagi!
Thư viện lưu trữ: Trung tâm Học liệu Trường Đại học Cần Thơ
LEADER 00443nam a2200169Ia 4500
001 CTU_109586
008 210402s9999 xx 000 0 und d
082 |a 302.230973 
082 |b M414 
245 0 |a Mass media.02/03 
260 |a Guilford, Conn. 
260 |b Dushkin Pub. Group. 
260 |c 2002 
650 |a Mass media 
650 |z United states 
904 |i Năm, Q. Hieu 
980 |a Trung tâm Học liệu Trường Đại học Cần Thơ